000 00369nam a2200121Ia 4500
008 240731s9999 xx 000 0 und d
022 _a1476-8305
245 0 _aNutritional Neuroscience : An International Journal on Nutrition, Diet and Nervous System
260 _bTaylor & Francis
856 _uhttps://www.tandfonline.com/loi/ynns20
942 _2ddc
942 _cTFEJ
999 _c78778
_d78778
945 _a1
_bMadushi Gamage
_c1
_dMadushi Gamage